Fr. Conceicao Rodrigues College of Engineering

Electronic circuits analysis (Record no. 22787)

MARC details
000 -LEADER
fixed length control field 00313nam a2200133Ia 4500
082 ## - DEWEY DECIMAL CLASSIFICATION NUMBER
Classification number 621.38153
Item number COL
100 ## - MAIN ENTRY--PERSONAL NAME
Personal name Colclaser R.A & others
245 ## - TITLE STATEMENT
Title Electronic circuits analysis
260 ## - PUBLICATION, DISTRIBUTION, ETC.
Name of publisher, distributor, etc. John wiley and sons
Place of publication, distribution, etc. New York
Date of publication, distribution, etc. 1984
300 ## - PHYSICAL DESCRIPTION
Extent 574
546 ## - LANGUAGE NOTE
Language note ENGLISH
654 ## - SUBJECT ADDED ENTRY--FACETED TOPICAL TERMS
Focus term electronic
942 ## - ADDED ENTRY ELEMENTS (KOHA)
Koha item type BOOK
Holdings
Withdrawn status Lost status Damaged status Not for loan Collection Home library Current library Date acquired Source of acquisition Cost, normal purchase price Inventory number Total Checkouts Full call number Barcode Date last seen Cost, replacement price Price effective from Koha item type
        CRC Fr. Agnel's C.Rodrigues College of Engineering Fr. Agnel's C.Rodrigues College of Engineering 17/03/2023 Progressive Books 287.10 2041 dt 9.7.92   621.38153 COL 3655 17/03/2023 287.10 09/07/1992 BOOK
        CRC Fr. Agnel's C.Rodrigues College of Engineering Fr. Agnel's C.Rodrigues College of Engineering 17/03/2023 Progressive Books 287.10 2041 dt 9.7.92   621.38153 COL 3656 17/03/2023 287.10 09/07/1992 BOOK
        CRC Fr. Agnel's C.Rodrigues College of Engineering Fr. Agnel's C.Rodrigues College of Engineering 17/03/2023 Progressive Books 287.10 2041 dt 9.7.92   621.38153 COL 3657 17/03/2023 287.10 09/07/1992 BOOK
        CRC Fr. Agnel's C.Rodrigues College of Engineering Fr. Agnel's C.Rodrigues College of Engineering 17/03/2023 Progressive Books 287.10 2042 dt 15.07.92   621.38153 COL 3698 17/03/2023 287.10 15/07/1992 BOOK